| 000 | 00746nam a22002537a 4500 | ||
|---|---|---|---|
| 001 | 9483 | ||
| 003 | FISKH | ||
| 005 | 20260114101354.0 | ||
| 008 | 260114b cb ||||| |||| 00| 0 eng d | ||
| 040 |
_aFISKH _beng _cFISKH _dFISKH |
||
| 082 | _a980 | ||
| 100 | _aDutta , Shyama | ||
| 245 |
_aLet's know about south America / _cBy Shyama Dutta |
||
| 250 | _aFirst published in 2003 | ||
| 260 |
_aViman Nagar : _bUnicates Publications , _c2003 . |
||
| 300 |
_a12 unnubered pages : _bcolor illustrations ; _c20 cm . |
||
| 505 | _aS | ||
| 521 | 8 |
_a800
_bLexile estimate |
|
| 521 | 8 |
_aS
_bRaz-Plus |
|
| 700 |
_aMatharu , Vicky _eDesigner |
||
| 700 |
_aMatharu , Archana _eDesigner |
||
| 942 |
_2ddc _cBK _n0 |
||
| 999 |
_c9483 _d9483 |
||